[Event "ch-USA Junior"]
[Site "Catonsville USA"]
[Date "2000.07.13"]
[Round "6"]
[White "Chudnovsky,J"]
[Black "Martinez,Marce"]
[Result "1/2-1/2"]
[WhiteElo "2346"]
[BlackElo "2349"]

1.d4 Nf6 2.c4 g6 3.Nc3 Bg7 4.e4 O-O 5.Be2 d6 6.Nf3 e5 7.dxe5 dxe5 8.Qxd8 Rxd8
9.Bg5 Re8 10.O-O-O Na6 11.Nd2 Nc5 12.Nd5 Nxd5 13.cxd5 Bd7 14.Kb1 c6 15.Be3 Na4
16.Bc4 Nb6 17.dxc6 Bxc6 18.Bb3 Bf8 19.f3 Nc8 20.Nc4 a5 21.a4 Bb4 22.Rd3 b5
23.axb5 Bxb5 24.Rd5 Bxc4 25.Bxc4 Nd6 26.Ba2 Rac8 27.Bd2 Bxd2 28.Rxd2 Rc6
29.Rhd1 Nc8 30.Rc1 Rxc1+ 31.Kxc1 Nb6 32.Rc2 Rc8 33.Rxc8+ Nxc8  1/2-1/2

[Event "ch-NOR"]
[Site "Asker NOR"]
[Date "2000.07.14"]
[Round "8"]
[White "Eriksen,T"]
[Black "Gullaksen,E"]
[Result "1/2-1/2"]
[WhiteElo "2242"]
[BlackElo "2353"]

1.Nf3 Nf6 2.c4 g6 3.Nc3 Bg7 4.d4 O-O 5.e4 d6 6.Be2 e5 7.O-O Nh5 8.Bg5 f6
9.Be3 Nf4 10.c5 Nxe2+ 11.Qxe2 exd4 12.Nxd4 dxc5 13.Qc4+ Rf7 14.Qxc5 c6 15.Rad1 Na6
16.Qc4 Qe7 17.Rd2 Bf8 18.Rfd1 Nc7 19.Bf4 Ne6 20.Nxe6 Bxe6 21.Qd4 Qc5 22.Qxc5 Bxc5
23.Bd6 Bb6 24.b3 Rd8 25.Kf1 Rfd7 26.Ke2 Kf7 27.Na4 Bxf2 28.Kxf2 Bg4 29.Nc5 Bxd1
30.Nxd7 Rxd7 31.Ke3 Bc2 32.g3 Bb1 33.a3 b6 34.Bb4 Rxd2 35.Bxd2 c5 36.b4 c4
37.Kd4 Bd3 38.Bc3 Ke6 39.Ke3 f5 40.exf5+ Kxf5 41.h4 Ke6  1/2-1/2

[Event "t-EuCh U18"]
[Site "Balatonlelle HUN"]
[Date "2000.07.15"]
[Round "7"]
[White "Markos,J"]
[Black "Kuemin,S"]
[Result "1-0"]
[WhiteElo "2327"]
[BlackElo "2259"]

1.d4 Nf6 2.c4 g6 3.Nc3 Bg7 4.e4 d6 5.Nf3 O-O 6.Be2 e5 7.d5 a5 8.Bg5 h6 9.Bh4 Qe8
10.Nd2 Na6 11.O-O Bd7 12.b3 Nh7 13.Rb1 h5 14.f3 Bh6 15.Bf2 f5 16.a3 g5 17.exf5 Bxf5
18.g4 hxg4 19.fxg4 Bxb1 20.Qxb1 Rf4 21.Nde4 Nf6 22.Be3 Nxe4 23.Nxe4 Qe7 24.Ng3 Bg7
25.Nf5 Qf6 26.b4 axb4 27.axb4 Rxf1+ 28.Bxf1 Nb8 29.h4 gxh4 30.g5 Qf8 31.Kh2 Ra3
32.Qe4 Rxe3 33.Nxe3 Qf2+ 34.Kh1 Na6 35.c5 Nxb4 36.c6 bxc6 37.dxc6 Qf4 38.Bc4+ Kf8  1-0

[Event "ch-SUI"]
[Site "Pontresina SUI"]
[Date "2000.07.15"]
[Round "3"]
[White "Wirthensohn,H"]
[Black "Gallagher,Jo"]
[Result "1/2-1/2"]
[WhiteElo "2404"]
[BlackElo "2514"]

1.Nf3 Nf6 2.c4 g6 3.Nc3 Bg7 4.e4 d6 5.d4 O-O 6.Be2 e5 7.Be3 Na6 8.d5 Ng4
9.Bd2 f5 10.Ng5 Qe8 11.exf5 gxf5 12.Bxg4 fxg4 13.Nge4 Qg6 14.Qe2 Bf5 15.f3 gxf3
16.gxf3 Qh5 17.O-O-O Bxe4 18.Nxe4 Qxf3 19.Qxf3 Rxf3 20.Rhg1 Nc5 21.Nxc5 dxc5
22.Bh6 Rf7 23.Rg5 Re8 24.Rdg1 Ree7 25.Kd2 Kf8  1/2-1/2

[Event "zt 2.32"]
[Site "Guatemala City GUA"]
[Date "2000.07.16"]
[Round "3"]
[White "Romero,Ar"]
[Black "Juarez Flores,G"]
[Result "1-0"]
[WhiteElo "2150"]
[BlackElo "2261"]

1.d4 Nf6 2.Nf3 g6 3.c4 Bg7 4.Nc3 d6 5.e4 O-O 6.Be2 e5 7.Be3 Nc6 8.d5 Ne7
9.Nd2 Nd7 10.b4 f5 11.f3 f4 12.Bf2 Nf6 13.c5 Kh8 14.Nc4 Ne8 15.Rc1 Ng8 16.cxd6 cxd6
17.Nb5 b6 18.Qa4 Bd7 19.Qa6 Nc7 20.Nxc7 Qxc7 21.O-O Qb8 22.Rc3 Rf7 23.Rfc1 Bf8
24.Na3 Qd8 25.Bb5 g5 26.Bxd7 Rxd7 27.Rc8 Rxc8 28.Qxc8 Qe7 29.Nb5 g4 30.Bh4 Qg7
31.fxg4 f3 32.gxf3 Qh6 33.Bf2 Rf7 34.Rc3 Be7 35.Nc7 Rf8 36.Qa6 Qd2 37.Qd3 Qxa2
38.Ne6 Rf7 39.Kg2 Qb2 40.b5 Qa1 41.Ra3 Qb2 42.Qb3 Qd2 43.Ra2 Qh6 44.Rxa7 Qg6
45.h3 h5 46.Ra1 Nf6 47.Qe3 hxg4 48.hxg4 Nxg4 49.fxg4 Qxg4+ 50.Bg3 Kg8 51.Rh1 Bh4
52.Rxh4 Rf2+ 53.Qxf2 Qh3+ 54.Kf3  1-0

[Event "zt 2.32"]
[Site "Guatemala City GUA"]
[Date "2000.07.16"]
[Round "3"]
[White "Leyva,H"]
[Black "Minero,S"]
[Result "1-0"]
[WhiteElo "2409"]
[BlackElo "2405"]

1.d4 Nf6 2.Nf3 g6 3.c4 Bg7 4.Nc3 O-O 5.e4 d6 6.Be2 e5 7.d5 a5 8.Nd2 Na6 9.h4 c6
10.h5 Nc5 11.g4 cxd5 12.cxd5 b5 13.g5 Ne8 14.Nxb5 gxh5 15.Nc3 f6 16.Nb3 Nxb3
17.axb3 fxg5 18.Bxh5 h6 19.Be3 Nf6 20.b4 Bd7 21.b5 Nxh5 22.Qxh5 Qc8 23.b6 Rf4
24.Bxf4 exf4 25.Qg6 a4 26.Rxh6 Rb8 27.Rh7 Qf8 28.O-O-O Be8 29.Rxg7+ Qxg7
30.Qxd6 Rb7 31.Qe6+ Kf8 32.e5 a3 33.bxa3 Rf7 34.Ne4 g4 35.Nd6 Rc7+ 36.bxc7 Qxc7+
37.Kb2 Qb6+ 38.Ka1  1-0

[Event "10th Smith & Williamson YM"]
[Site "Witley ENG"]
[Date "2000.07.16"]
[Round "3"]
[White "D'Costa,L"]
[Black "Palliser,R"]
[Result "1/2-1/2"]
[WhiteElo "2215"]
[BlackElo "2322"]

1.d4 Nf6 2.c4 g6 3.Nc3 Bg7 4.e4 d6 5.Nf3 O-O 6.Be2 e5 7.Be3 h6 8.O-O Ng4
9.Bc1 Nc6 10.d5 Ne7 11.Nd2 f5 12.Bxg4 fxg4 13.b4 g5 14.Rb1 h5 15.c5 Ng6 16.Nc4 Rf4
17.Be3 Bf8 18.Qd3 Rf7 19.a4 h4 20.a5 Qf6 21.Qd1 Nf4 22.cxd6 Bxd6 23.b5 Qh6
24.Rb2 g3 25.fxg3 hxg3 26.hxg3 Rh7 27.gxf4 Qh2+ 28.Kf2 gxf4 29.Ke1 Qg3+ 30.Kd2 fxe3+
31.Nxe3 Bd7 32.Qf3 Qg5 33.Kd1 Rf8 34.Nf5 Ba3 35.Rb1 Rh4 36.Ne2 Bc5 37.g3 Rg4
38.Rb2 Bxf5 39.exf5 Ra4 40.Qb3 Rb4 41.Qc3 Rxb2 42.Qxb2 Rxf5 43.Rxf5 Qxf5
44.Qc2 Qf1+ 45.Kd2 Bb4+ 46.Ke3 Qf7 47.Qe4 Bc5+ 48.Kd2 Qg7 49.Qc4 Qg5+ 50.Kd1 Bd6
51.a6 bxa6 52.bxa6 Qf5 53.Kd2 Kf7 54.g4 Qf3 55.Nc3 Qf2+ 56.Qe2 Qd4+ 57.Kc2 Bb4
58.Qf3+ Kg7 59.Ne4 Be7 60.Nc3 Bb4 61.Qh3  1/2-1/2

[Event "ch-Paris"]
[Site "Paris FRA"]
[Date "2000.07.17"]
[Round "3"]
[White "Hartereau,P"]
[Black "Chomet,P"]
[Result "0-1"]
[WhiteElo "2184"]
[BlackElo "2384"]

1.d4 d6 2.c4 g6 3.e4 e5 4.Nf3 Nd7 5.Nc3 Bg7 6.Be2 Ngf6 7.O-O O-O 8.Re1 c6
9.Bf1 a5 10.Rb1 Re8 11.b3 Qb6 12.dxe5 Ng4 13.Qe2 Ndxe5 14.Na4 Qc7 15.h3 Nf6
16.Bb2 Nh5 17.Nxe5 dxe5 18.g3 Bf8 19.c5 Ng7 20.Kh2 Ne6 21.Qe3 Bd7 22.Bc4 Rad8
23.Rbd1 Bc8 24.Bxe6 Bxe6 25.Qc3 f6 26.Nb6 Rxd1 27.Rxd1 Rd8 28.Re1 Qg7 29.Qe3 Qe7
30.Rc1 h5 31.Qe1 h4 32.Rc2 hxg3+ 33.fxg3 Qh7 34.Qf1 Qh5 35.Qg2 Qd1 36.Na4 Bxh3
37.Qe2 Qxe2+ 38.Rxe2 Be6 39.Bc3 Rd3 40.Bxa5 Kf7 41.Nb2 Rd7 42.Na4 Bg4 43.Re1 Ke6
44.Bc3 Bh6  0-1

[Event "Open"]
[Site "Dieren NED"]
[Date "2000.07.18"]
[Round "1"]
[White "Szuveges,G"]
[Black "Solleveld,M"]
[Result "0-1"]
[WhiteElo "2159"]
[BlackElo "2426"]

1.d4 Nf6 2.c4 g6 3.Nc3 Bg7 4.e4 d6 5.Nf3 O-O 6.Be2 e5 7.d5 a5 8.Bg5 Na6 9.Nd2 h6
10.Bh4 Qe8 11.O-O Nh7 12.a3 Bd7 13.Nb5 Bf6 14.Bg3 Bg5 15.Qc2 Qe7 16.Qc3 h5
17.f3 c6 18.Nxd6 Bxd2 19.Qxd2 Qxd6 20.f4 exf4 21.Bxf4 Qe7 22.Rae1 Rfe8 23.Bd3 a4
24.Qf2 cxd5 25.cxd5 Nc5 26.Bb1 Rac8 27.Bd6 Qxd6 28.Qxf7+ Kh8 29.e5 Rxe5 30.Bxg6 Ng5
31.Qf4 Nh3+ 32.gxh3 Qxg6+ 33.Kh1 Rxe1 34.Rxe1 Rg8 35.Qd4+ Rg7  0-1

[Event "Golden Cleopatra Open"]
[Site "Cairo EGY"]
[Date "2000.07.19"]
[Round "8"]
[White "Sundararajan,K"]
[Black "Hassan,Say"]
[Result "0-1"]
[WhiteElo "2404"]
[BlackElo "2365"]

1.d4 Nf6 2.c4 g6 3.Nc3 Bg7 4.e4 d6 5.Nf3 O-O 6.Be2 e5 7.Be3 Ng4 8.Bg5 f6
9.Bh4 Qe8 10.O-O g5 11.Bg3 Nh6 12.dxe5 dxe5 13.Nd5 Na6 14.c5 c6 15.Bxa6 cxd5
16.Qxd5+ Be6 17.Qxb7 Rb8 18.Qc7 Rxb2 19.a4 Rf7 20.Qa5 Qc6 21.Rac1 Bf8 22.Rfe1 g4
23.Nd2 Rd7 24.Nc4 Bxc4 25.Bxc4+ Nf7 26.Bd5 Qc7 27.Qc3 Qb8 28.Qd3 Kg7 29.Qa6 Nd8
30.Bh4 Be7 31.Be6 Rc7 32.Bxg4 Nc6 33.Re3 Rb1 34.Rc3 Nd4 35.Qf1 Rxc1 36.Qxc1 h6
37.h3 f5 38.Bxe7 fxg4 39.Qd1 Rxe7 40.Qxg4+ Kh7 41.c6 Qb1+ 42.Kh2 Rg7 43.c7 Rxg4
44.c8=Q Rg7 45.Rc7 Nf3+  0-1

[Event "ch-SUI"]
[Site "Pontresina SUI"]
[Date "2000.07.19"]
[Round "7"]
[White "Gallagher,Jo"]
[Black "Jenni,F"]
[Result "1-0"]
[WhiteElo "2514"]
[BlackElo "2440"]

1.d4 Nf6 2.c4 g6 3.Nc3 Bg7 4.e4 d6 5.Be2 O-O 6.Nf3 e5 7.Be3 exd4 8.Nxd4 Re8
9.f3 c6 10.Bf2 d5 11.exd5 cxd5 12.O-O Nc6 13.c5 Nxd4 14.Bxd4 Be6 15.Qd2 a6
16.b4 Qc7 17.Rfe1 Rad8 18.Rad1 Nd7 19.Bxg7 Kxg7 20.Bf1 Ne5 21.f4 Nc6 22.b5 Ne7
23.Qd4+ Kg8 24.bxa6 bxa6 25.Bxa6 Nf5 26.Qb4 d4 27.Ne4 Kg7 28.Nd6 Nxd6 29.Qxd4+ Kg8
30.cxd6 Qc6 31.Bf1 Bxa2 32.Rxe8+ Qxe8 33.f5 Qd7 34.fxg6 hxg6 35.Qb6 Be6 36.h3 Ra8
37.Bb5 Qd8 38.Qc5 Rc8 39.Qd4 Qg5 40.Qd3 Rd8 41.Kh1 Qe5 42.Bc6 Qf4 43.Qb5 Qe3
44.Qb4 Qb3 45.Qd4 Qc2 46.Be4 Qb3 47.Rd3 Qb1+ 48.Kh2 Qf1 49.Qe5 Re8 50.Qg5 Kg7
51.Bxg6 Qf6 52.Qb5 Rd8 53.Be4 Rxd6 54.Rf3 Qd4 55.Qe8 Qxe4 56.Rxf7+ Bxf7 57.Qxe4 Re6
58.Qf4 Bg6 59.Qg5 Kf7 60.h4 Be4 61.Qf4+ Kg7 62.g4 Bh7 63.Qc7+ Kh6 64.g5+ Kg6
65.Kg3 Bg8 66.Kf4 Ra6 67.Qc2+ Kg7 68.Qc3+ Kf7 69.Qc4+ Re6 70.h5 Kf8 71.Qc8+ Kg7
72.h6+ Kh8 73.Qc3+  1-0

[Event "10th Smith & Williamson YM"]
[Site "Witley ENG"]
[Date "2000.07.19"]
[Round "6"]
[White "Palliser,R"]
[Black "Conlon,J"]
[Result "1-0"]
[WhiteElo "2322"]
[BlackElo "2173"]

1.d4 Nf6 2.Nf3 g6 3.c4 Bg7 4.Nc3 O-O 5.e4 d6 6.Be2 e5 7.d5 Nbd7 8.Be3 Ng4
9.Bd2 h6 10.h3 Ngf6 11.g4 Nc5 12.Qc2 a5 13.Be3 Nfd7 14.Nd2 b6 15.h4 Re8 16.h5 g5
17.b3 Nf6 18.f3 Bf8 19.a3 Kg7 20.Kf2 Nb7 21.b4 Be7 22.Rhc1 Rg8 23.Nf1 Qf8
24.Ng3 Kh8 25.Kg2 Kh7 26.Nd1 Kh8 27.Nf2 Qd8 28.Nd3 Nd7 29.Qc3 f6 30.Bd1 Bf8
31.Qe1 Qe7 32.Ba4 Qh7 33.Bd2 Nb8 34.Rcb1 Bd7 35.Bxd7 Nxd7 36.Nc1 Be7 37.Nb3 axb4
38.axb4 Rgc8 39.Nf5 Bf8 40.Rxa8 Rxa8 41.Ra1 Rb8 42.Ra7 Qf7 43.Qa1 Qe8 44.Qa6 Qc8
45.Be3 Kh7 46.Nc1 Kh8 47.Ne2 Kh7 48.Nc3 Kh8 49.Nb5 Kh7 50.Qa4 Kh8 51.Ra6 c5
52.Na7 Qc7 53.Nc6 Rc8 54.Ra7 Nb8 55.Qb5 Nxc6 56.dxc6 Qxc6 57.Qxc6 Rxc6 58.Rxb7 cxb4
59.Bxb6 Rxc4 60.Rb8 b3 61.Rxf8+ Kh7 62.Rf7+ Kg8 63.Nxh6+ Kh8 64.Bd8  1-0

[Event "Open"]
[Site "Dieren NED"]
[Date "2000.07.20"]
[Round "3"]
[White "Szuveges,G"]
[Black "Pel,B"]
[Result "0-1"]
[WhiteElo "2159"]
[BlackElo "2300"]

1.d4 d6 2.c4 g6 3.Nc3 Bg7 4.e4 Nf6 5.Nf3 O-O 6.Be2 Na6 7.O-O e5 8.d5 Nc5
9.Qc2 a5 10.Ne1 Nfd7 11.Be3 f5 12.f3 f4 13.Bf2 g5 14.b3 h5 15.a3 Rf6 16.Rb1 Rg6
17.b4 Na6 18.c5 g4 19.c6 g3 20.cxd7 gxf2+ 21.Rxf2 Bxd7 22.Bxa6 Rxa6 23.b5 Ra8
24.a4 Bf6 25.Kf1 Bh4 26.Rd2 Kh7 27.Ke2 Bxe1 28.Kxe1 Qh4+ 29.Ke2 Rxg2+ 30.Kd3 Rxd2+
31.Qxd2 Rg8 32.Rf1 Bh3 33.Rf2 Rg1 34.Ke2 Bf1+ 35.Rxf1 Rg2+ 36.Kd3 Rxd2+ 37.Kxd2 Qxh2+
38.Ne2 Qg2 39.Ke1 Kh6 40.Rf2 Qh1+ 41.Rf1 Qh3 42.Ng1 Qg3+  0-1

[Event "10th Open"]
[Site "Jyvaskyla FIN"]
[Date "2000.07.20"]
[Round "3"]
[White "Nyback,T"]
[Black "Seeman,T"]
[Result "1/2-1/2"]
[WhiteElo "2162"]
[BlackElo "2398"]

1.Nf3 Nf6 2.c4 g6 3.Nc3 Bg7 4.e4 d6 5.d4 O-O 6.Be2 e5 7.O-O Nh5 8.Re1 Nf4
9.Bf1 Bg4 10.d5 f5 11.h3 Bh5 12.exf5 gxf5 13.g3 Ng6 14.g4 fxg4 15.Ng5 Qf6
16.Nce4 Qf5 17.Be2 Nf4 18.Bxf4 Qxf4 19.Bxg4 Bxg4 20.hxg4 Nd7 21.Ne6 Qh6 22.Nxf8 Rxf8
23.Kg2 Qg6 24.c5 Nxc5 25.Nxc5 dxc5 26.Rc1 Rf4 27.f3 h5 28.Re4 Rxe4 29.fxe4 Qxe4+
30.Qf3 Qd4 31.Rf1 Qxg4+ 32.Qxg4 hxg4 33.b3 Bf8 34.Kg3 Bd6 35.Kxg4 Kg7 36.Kf5 b5
37.Ke6 a5 38.Kd7 a4 39.bxa4 bxa4 40.Kc6 Kg6 41.Kb5 a3 42.Kc4 e4 43.Kb3 Kg5
44.Kxa3 e3 45.Kb3 Bg3 46.Kc4 e2 47.Rh1  1/2-1/2

[Event "ch-Paris"]
[Site "Paris FRA"]
[Date "2000.07.20"]
[Round "6"]
[White "Legky,N"]
[Black "Dimitrov,V"]
[Result "0-1"]
[WhiteElo "2520"]
[BlackElo "2499"]

1.d4 Nf6 2.Nf3 g6 3.c4 Bg7 4.Nc3 d6 5.e4 O-O 6.Be2 e5 7.d5 a5 8.Bg5 h6 9.Bh4 Na6
10.O-O Bd7 11.Ne1 g5 12.Bg3 Nxe4 13.Nxe4 f5 14.Nc3 f4 15.Nd3 fxg3 16.hxg3 e4
17.Nxe4 Bf5 18.Nc3 Qd7 19.Ne1 Nc5 20.Nf3 Qf7 21.Nd4 Qf6 22.Nxf5 Qxf5 23.Nb5 Rf7
24.Bh5 Re7 25.Bg4 Qf6 26.Rb1 Rf8 27.Bf3 Qg6 28.Nd4 g4 29.Bxg4 Bxd4 30.Qxd4 Re4
31.Qd2 Rxg4 32.Qxa5 Qg7 33.b3 Re4 34.Rbe1 b6 35.Qd2 Rfe8 36.Rxe4 Nxe4 37.Qe3 Qg5
38.Re1 Qxe3 39.Rxe3 Kf7 40.g4 Nc5 41.Rxe8 Kxe8 42.Kh2 Nd3 43.Kg3 Nc1 44.Kh4  0-1

[Event "ch-Paris"]
[Site "Paris FRA"]
[Date "2000.07.20"]
[Round "6"]
[White "Amigues,E"]
[Black "Bourhaleb,M"]
[Result "1-0"]
[WhiteElo "2245"]
[BlackElo "2106"]

1.d4 Nf6 2.Nf3 g6 3.c4 Bg7 4.Nc3 d6 5.e4 O-O 6.Be2 e5 7.Be3 Nc6 8.d5 Ne7
9.Nd2 Nd7 10.b4 f5 11.f3 Nf6 12.c5 a6 13.Nc4 Ne8 14.a4 h5 15.cxd6 Nxd6 16.Nxd6 cxd6
17.a5 Bd7 18.Na4 Bxa4 19.Qxa4 Nc8 20.Qc2 f4 21.Bf2 Bf6 22.Ra3 Ne7 23.Rc3 Rc8
24.Kd2 Qd7 25.Rc1 Rxc3 26.Qxc3 Rc8 27.Qb3 Rxc1 28.Kxc1 h4 29.Bf1 g5 30.b5 Qc7+
31.Qc4 Qxa5 32.bxa6 bxa6 33.Qxa6 Qc3+ 34.Kd1 h3 35.Qa2 g4 36.Qd2 Qa3 37.Ke2 Bg5
38.Qd3 Qb2+ 39.Qd2 Qb1 40.Qd1 Qa2+ 41.Qd2 Qxd2+ 42.Kxd2 g3 43.Bg1 hxg2 44.Bxg2 Ng6
45.Ke2 Kf7 46.Bh3 Nh4 47.Bg4 Ke7 48.Bh3 Kd8 49.Bb6+ Ke8 50.Bg1 Bd8 51.hxg3 fxg3
52.Be3 Ng6 53.Bf5 Nh4 54.Bh3 Ng6 55.Bf5 Kf7 56.Bxg6+ Kxg6 57.Kf1 Bg5 58.Bb6 Kf7
59.Kg2 Ke7 60.Kxg3 Kd7 61.Kg4 Bf4 62.Bf2 Bd2 63.Kf5 Bf4 64.Bh4 Bh2 65.Kg4 Bf4
66.Bg5 Bh2 67.Be3  1-0

[Event "10th Open"]
[Site "Jyvaskyla FIN"]
[Date "2000.07.21"]
[Round "6"]
[White "Novik,M"]
[Black "Vetemaa,J"]
[Result "1/2-1/2"]
[WhiteElo "2462"]
[BlackElo "2287"]

1.Nf3 Nf6 2.c4 g6 3.d4 Bg7 4.Nc3 O-O 5.e4 d6 6.Be2 e5 7.O-O Nh5 8.Bg5 f6
9.Be3 Nf4 10.Re1 Nxe2+ 11.Qxe2 Bg4 12.h3 Bxf3 13.Qxf3 exd4 14.Bxd4 Nc6 15.Be3 f5
16.exf5 Rxf5 17.Qg4 Bxc3 18.bxc3 Qf6 19.Rab1 Rb8 20.Rb5 Qxc3 21.Reb1 Ne5
22.Qe4 b6 23.Rc1  1/2-1/2

[Event "KB Czech Open"]
[Site "Pardubice CZE"]
[Date "2000.07.22"]
[Round "2"]
[White "Mirovshchikov,S"]
[Black "Hanko,P"]
[Result "0-1"]
[WhiteElo "2375"]
[BlackElo "2195"]

1.d4 Nf6 2.Nf3 g6 3.c4 Bg7 4.Nc3 O-O 5.e4 d6 6.Be2 e5 7.O-O Nbd7 8.Be3 Ng4
9.Bg5 f6 10.Bh4 c6 11.Rb1 Qe8 12.Ne1 Nh6 13.d5 Nf7 14.f3 c5 15.a3 Bh6 16.Bf2 f5
17.b4 b6 18.Nd3 Nf6 19.Qc2 Nh5 20.Rfe1 Nf4 21.Bf1 Qe7 22.Nxf4 Bxf4 23.Bd3 Nh6
24.bxc5 bxc5 25.Rb5 fxe4 26.Nxe4 Nf5 27.g3 Bh6 28.Nxc5 dxc5 29.Bxc5 Qf6 30.Be4 Ba6
31.Bxf8 Bxf8 32.d6 Nd4 33.Qd3 Re8 34.Bd5+ Kg7 35.d7 Bxb5 36.dxe8=N+ Bxe8
37.Qe4 Bd7 38.Kg2 Bxa3 39.Rb1 Bc8 40.Rb8 Bf5 41.Rg8+ Kh6 42.Qe3+ Qg5 43.f4 Qg4
44.fxe5+ g5 45.h4 Be7 46.hxg5+ Bxg5 47.Rxg5 Nc2 48.Rh5+ Kxh5 49.Bf7+ Bg6
50.Bxg6+ hxg6 51.Qxa7 Qe2+ 52.Kh3 Qxe5 53.Qh7+ Kg5 54.Qh4+ Kf5 55.Qg4+ Kf6
56.Qf3+ Qf5+ 57.Qxf5+ Kxf5 58.c5 Nd4 59.Kh4 Nc6 60.Kh3 Kg5  0-1

[Event "Open"]
[Site "Bergen NOR"]
[Date "2000.07.23"]
[Round "3"]
[White "Gausel,E"]
[Black "Sagafos,M"]
[Result "1-0"]
[WhiteElo "2492"]
[BlackElo "2170"]

1.d4 Nf6 2.Nf3 g6 3.c4 Bg7 4.Nc3 d6 5.e4 O-O 6.Be2 e5 7.Be3 Ng4 8.Bg5 f6
9.Bc1 Qe8 10.O-O Na6 11.h3 Nh6 12.Rb1 c6 13.Re1 f5 14.dxe5 dxe5 15.b4 Rf7
16.c5 Nc7 17.Bc4 Be6 18.Bxe6 Nxe6 19.Bxh6 Bxh6 20.Nxe5 Re7 21.Nc4 fxe4 22.Nxe4 Qf7
23.Ned6 Qf6 24.Ne3 Bxe3 25.Rxe3 Rf8 26.Qe1 Nf4 27.Rxe7 Qg5 28.Qe4 Nxh3+ 29.Kh2  1-0

[Event "WIPRO GM"]
[Site "Hyderabad IND"]
[Date "2000.07.23"]
[Round "8"]
[White "Sasikiran,K"]
[Black "Aarthie,R"]
[Result "1-0"]
[WhiteElo "2573"]
[BlackElo "2319"]

1.d4 Nf6 2.c4 g6 3.Nc3 Bg7 4.e4 d6 5.Nf3 O-O 6.Be2 e5 7.Be3 exd4 8.Nxd4 Re8
9.f3 c6 10.Bf2 d5 11.exd5 cxd5 12.O-O Nc6 13.c5 Nh5 14.Qd2 Be5 15.g3 Ng7
16.Rfd1 Be6 17.Bf1 Rc8 18.Nxe6 fxe6 19.f4 Bf6 20.Nb5 Be7 21.Rac1 Nf5 22.Bh3 a6
23.Bxf5 gxf5 24.Nd4 Nxd4 25.Bxd4 Bf6 26.Rc3 Kf7 27.Rb3 Rc7 28.Bf2 Qd7 29.Qe2 Rg8
30.Rbd3 Rg6 31.Re1 Be7 32.b4 Qb5 33.a3 a5 34.Rb3 Qxe2 35.Rxe2 axb4 36.axb4 Rg4
37.Rbe3 Rg6 38.Ra3 Ke8 39.Bd4 Kd8 40.Be5 Rd7 41.Ra7 Ke8 42.Bd4 Bf8 43.b5 Bg7
44.Bxg7 Rdxg7 45.c6 bxc6 46.b6  1-0

[Event "15th Open"]
[Site "Avoine FRA"]
[Date "2000.07.24"]
[Round "3"]
[White "Van Dongen,P"]
[Black "Nevednichy,V"]
[Result "0-1"]
[WhiteElo "2278"]
[BlackElo "2582"]

1.d4 Nf6 2.Nf3 g6 3.c4 Bg7 4.Nc3 O-O 5.e4 d6 6.Be2 Nbd7 7.O-O e5 8.Be3 Re8
9.d5 Nh5 10.g3 Bf6 11.Nd2 Ng7 12.b4 Bg5 13.Bxg5 Qxg5 14.Nb3 a6 15.Qd2 Qe7
16.Rac1 Nf6 17.Rc2 Rf8 18.c5 Nfe8 19.cxd6 cxd6 20.Na4 Bh3 21.Rfc1 f5 22.Nb6 Rb8
23.f3 Qd8 24.Nc4 f4 25.Bf1 Bd7 26.g4 h5 27.gxh5 Nxh5 28.Qf2 b6 29.Ncd2 Rf7
30.Bxa6 g5 31.Be2 Rg7 32.Rc6 Nhf6 33.a4 g4 34.fxg4 Nxg4 35.Bxg4 Bxg4 36.Kh1 Qg5
37.Rg1 Nf6 38.Rcc1 Qh5 39.Rce1 Kf7 40.a5 Rh8 41.axb6 Rgh7 42.Rg2 f3 43.Rxg4 Qxh2+  0-1

[Event "15th Open"]
[Site "Avoine FRA"]
[Date "2000.07.26"]
[Round "5"]
[White "Wuts,F"]
[Black "Nevednichy,V"]
[Result "0-1"]
[WhiteElo "2338"]
[BlackElo "2582"]

1.d4 Nf6 2.c4 g6 3.Nc3 Bg7 4.e4 d6 5.Nf3 O-O 6.Be2 e5 7.dxe5 dxe5 8.O-O Nbd7
9.Qc2 c6 10.Rd1 Qe7 11.h3 Nh5 12.a3 Nf4 13.Bf1 Ne6 14.Ne2 a5 15.b3 Ndc5 16.Bb2 a4
17.b4 Nb3 18.Ra2 Ng5 19.Nxg5 Qxg5 20.Rd3 f5 21.Nc3 Nd4 22.Qd1 Qf6 23.Bc1 Be6
24.Rb2 Qf7 25.exf5 gxf5 26.Nxa4 f4 27.Nc5 Bxc4 28.Rc3 Bxf1 29.Kxf1 f3 30.Ne4 Qd5
31.Qd3 Nb5 32.Qxd5+ cxd5 33.Rc5 dxe4 34.Rxb5 Rxa3 35.Rb1 Rd3 36.Be3 Rfd8
37.Kg1 R8d7 38.Rc1 Rd1+ 39.Rxd1 Rxd1+ 40.Kh2 fxg2 41.Kxg2 Rd7 42.Rc5 Kf7
43.Rc4 Ke6 44.Rxe4 b5 45.Bc5 Kd5 46.Re1 Rf7 47.Rd1+ Kc4 48.Re1 Bf6 49.Kg3 Bg5
50.Kg4 Bf4 51.Re4+ Kd3 52.Re1 Kd2 53.Ra1 Kc3 54.Kf3 Kc4 55.Ke4 Bd2 56.Rg1 Bc3
57.Rg4 Bd4 58.f4 Bxc5 59.bxc5 exf4 60.c6 Kc5 61.c7 Rxc7 62.Kxf4 Re7 63.h4 b4
64.h5 b3 65.Rg8 Rb7 66.Rc8+ Kb4 67.Rc1 b2 68.Re1 Kc3  0-1

[Event "MTO Open"]
[Site "Biel SUI"]
[Date "2000.07.26"]
[Round "3"]
[White "Yates Doerr,R"]
[Black "Balcerak,P"]
[Result "1-0"]
[WhiteElo "2250"]
[BlackElo "2110"]

1.Nf3 Nf6 2.c4 g6 3.Nc3 Bg7 4.e4 d6 5.d4 O-O 6.Be2 e5 7.dxe5 dxe5 8.Qxd8 Rxd8
9.Bg5 Re8 10.Nd5 Nxd5 11.cxd5 f6 12.Be3 Bf8 13.Rc1 Bd6 14.Nd2 f5 15.f3 Nd7
16.O-O a5 17.Rc2 Rf8 18.Rfc1 b6 19.Bb5 Nc5 20.Nb3 Nxb3 21.axb3 Ba6 22.Bd7 fxe4
23.Be6+ Kh8 24.fxe4 a4 25.bxa4 Bd3 26.Rc3 Bxe4 27.Bh6 Rxa4 28.Bxf8 Bxf8 29.Rxc7 Bc5+
30.R1xc5 bxc5 31.d6  1-0

[Event "MTO Open"]
[Site "Biel SUI"]
[Date "2000.07.26"]
[Round "3"]
[White "Hanewinkel,W"]
[Black "Lappage,J"]
[Result "1/2-1/2"]
[WhiteElo "2022"]
[BlackElo "2114"]

1.d4 Nf6 2.c4 g6 3.Nc3 Bg7 4.e4 d6 5.Nf3 O-O 6.Be2 e5 7.O-O exd4 8.Nxd4 Re8
9.f3 Nc6 10.Be3 Nh5 11.Qd2 Nxd4 12.Bxd4 Nf4 13.Bxg7 Qg5 14.Kf2 Kxg7 15.Qd4+ Qe5
16.Qxe5+ dxe5 17.Nb5 Ne6 18.Rac1 Bd7 19.Rfd1 Bc6 20.Nc3 Nd4 21.Nd5 Rac8 22.Ne3 Bd7
23.c5 Be6 24.Bc4 Bd7 25.Bd5 c6 26.Bc4 b5 27.cxb6 axb6 28.Nc2 c5 29.Ne3 Bc6
30.Bd5 Red8 31.Bxc6 Rxc6 32.Rc3 f6 33.Ra3 Rd7 34.Ra8 Rb7 35.Nd5 b5 36.Ke3 b4
37.Rc1 c4 38.Ra4 c3 39.bxc3 bxc3 40.Rxc3 Rxc3+ 41.Nxc3 Rb2 42.Ra7+ Kh6 43.Rf7 Rxg2
44.Rxf6 Nc2+ 45.Kd3 Nb4+ 46.Ke3 Nc2+ 47.Kd3 Nb4+ 48.Ke3 Nxa2 49.Nxa2 Rxa2
50.Re6 Ra5 51.Re7 Rb5 52.Kf2 Rc5 53.Kg3 Ra5 54.Kg4 Rc5 55.h3 Ra5 56.Rd7 Ra1
57.Kg3 Rg1+  1/2-1/2

[Event "MTO Open"]
[Site "Biel SUI"]
[Date "2000.07.26"]
[Round "3"]
[White "Huss,A"]
[Black "Kempinski,R"]
[Result "0-1"]
[WhiteElo "2346"]
[BlackElo "2498"]

1.d4 Nf6 2.Nf3 g6 3.c4 Bg7 4.Nc3 O-O 5.e4 d6 6.Be2 Na6 7.O-O e5 8.d5 Nc5
9.Qc2 a5 10.Bg5 h6 11.Be3 b6 12.Nd2 Bg4 13.Bxg4 Nxg4 14.Bxc5 bxc5 15.a4 h5
16.h3 Nf6 17.Nf3 Bh6 18.g3 Nh7 19.Nh4 Bg5 20.Ng2 Qd7 21.f4 exf4 22.gxf4 Bf6
23.Qd3 Rab8 24.Nb5 Bxb2 25.Ra2 Bg7 26.Re2 Rbe8 27.Rfe1 Re7 28.Na7 Bd4+ 29.Kh1 f6
30.Nc6 Rg7 31.Nh4 Re8 32.Qg3 Nf8 33.Kh2 f5 34.e5 dxe5 35.fxe5 g5 36.Nf3 f4
37.Qg2 g4 38.Nfxd4 cxd4 39.e6 Qd6 40.Re5 f3 41.Qg3 h4 42.Qxh4 g3+ 43.Qxg3 Rxg3
44.Kxg3 Ng6 45.c5 Qxc5 46.Rg5 Kh7 47.Ne5 f2 48.Kxf2 d3+ 49.Kg3 d2 50.Rf1 Qe3+
51.Nf3 Rf8  0-1

[Event "MTO Open"]
[Site "Biel SUI"]
[Date "2000.07.26"]
[Round "3"]
[White "Sundararajan,K"]
[Black "Jaracz,P"]
[Result "1/2-1/2"]
[WhiteElo "2404"]
[BlackElo "2511"]

1.d4 Nf6 2.c4 g6 3.Nc3 Bg7 4.e4 d6 5.Nf3 O-O 6.Be2 e5 7.Be3 Ng4 8.Bg5 f6
9.Bh4 Nc6 10.d5 Ne7 11.Nd2 h5 12.O-O Nh6 13.f3 f5 14.b4 f4 15.c5 Nf7 16.Nc4 g5
17.Bf2 Bd7 18.a4 Kh7 19.cxd6 cxd6 20.Nb5 Bxb5 21.axb5 b6 22.Ra6 Nc8 23.Qa4 Nh6
24.Ra1 Rb8 25.Qd1 Rb7 26.Rc1 Bf6 27.Ra3 Rg7 28.h3 Qd7 29.Rac3 Ne7 30.Nd2 Neg8
31.Ra3 Ne7 32.Rac3 Neg8 33.Ra1 Ne7 34.Qc2 g4 35.Rc7 Qe8 36.hxg4 hxg4 37.fxg4 Nxg4
38.Bxg4 Rxg4 39.Qd3 Qh5 40.Ra3 Rfg8 41.Qh3 Rxg2+ 42.Kh1 R2g5 43.Rcxa7 R8g6
44.Nf1 Kg7 45.Qxh5 Rxh5+ 46.Nh2 Rgh6 47.Bg1 Rh4 48.Rf3 Rh8 49.Rc7 Kg6 50.Rc2 Nxd5
51.Rg2+ Bg5 52.Rd3 Nf6 53.Rxd6 Kh5 54.Bf2 Rh3 55.Re6 Nxe4 56.Rxe5 Ng3+ 57.Kg1 Rc8
58.Re1 Rc4 59.Bxb6 Rxb4 60.Bf2 Rxb5 61.Bxg3 Rxg3 62.Rf1 Bh6 63.Rf2 Kh4 64.Kh1 Rb1+
65.Nf1 Bg5 66.Rg1 Rxg1+ 67.Kxg1 Kh3 68.Kh1 Kg4 69.Kg2 f3+ 70.Rxf3  1/2-1/2

[Event "Glorney and Faber Cup"]
[Site "Dublin IRL"]
[Date "2000.07.26"]
[Round "4"]
[White "Broomfield,M"]
[Black "Housieaux,D"]
[Result "1/2-1/2"]
[WhiteElo "2192"]
[BlackElo "2252"]

1.d4 Nf6 2.Nf3 g6 3.c4 Bg7 4.Nc3 O-O 5.e4 d6 6.Be2 e5 7.Be3 Ng4 8.Bg5 f6
9.Bh4 Nc6 10.d5 Ne7 11.Nd2 h5 12.h3 Nh6 13.g4 g5 14.Bg3 h4 15.Bh2 Ng6 16.f3 Nf4
17.Bg1 Rf7 18.b4 Bf8 19.Nb3 Kh8 20.Bf1 Ng8 21.Rh2 c6 22.Rd2 Qc7 23.Be3 Bd7
24.Rc1 Rd8 25.Kf2 Bc8 26.Kg1 Qb8 27.Kh2 Ne7 28.a3 Neg6 29.Qe1 Bd7 30.Qf2 a6
31.Ba7 Qa8 32.Bb6 Rc8 33.Rcd1 cxd5 34.Nxd5 Nxd5 35.cxd5 Ba4 36.Rb1 Rc3 37.Na5 Qc8
38.Rd3 Rc2 39.Rd2 Rc3 40.Rd3  1/2-1/2

[Event "Continental Open"]
[Site "Los Angeles USA"]
[Date "2000.07.26"]
[Round "3"]
[White "Harmon,C"]
[Black "Matikozian,A"]
[Result "1/2-1/2"]
[WhiteElo "2166"]
[BlackElo "2391"]

1.d4 Nf6 2.Nf3 g6 3.c4 Bg7 4.Nc3 O-O 5.e4 d6 6.Be2 e5 7.dxe5 dxe5 8.Qxd8 Rxd8
9.Bg5 Re8 10.O-O-O Na6 11.Nd2 c6 12.f3 Nc5 13.Be3 Ne6 14.Nb3 Bf8 15.c5 Rb8
16.Na4 Nd7 17.Rd2 b5 18.cxb6 axb6 19.Rhd1 b5 20.Nc3 Ndc5 21.Nxc5 Bxc5 22.Bxc5 Nxc5
23.Rd8 Be6 24.Rxe8+ Rxe8 25.b4 Nb7 26.Kb2 f5 27.Rd2 Kf7 28.Bd1 Ke7 29.Bb3 Nd6
30.Bxe6 Kxe6 31.Kb3 Rf8 32.Re2 h5 33.a4 fxe4 34.fxe4 bxa4+ 35.Nxa4 Nb5 36.Nc5+ Kd6
37.Rd2+ Nd4+ 38.Kc4 Rf1 39.Nd3 h4 40.h3 g5 41.Ra2 Ne6 42.Rd2 Nd4 43.Ra2 Rd1
44.Rf2 Ne6 45.Rf6 Ke7 46.Rf5 Rd2 47.Nxe5 Rc2+ 48.Kd3 Rxg2 49.Nxc6+ Kd6 50.Rf6 Rg3+
51.Kc4 Re3 52.e5+ Kxc6 53.Rxe6+ Kd7 54.Rd6+ Kc7 55.Rd5 Rxh3 56.e6 Re3 57.Rxg5 Rxe6
58.Rh5 Kb6 59.Rxh4 Rg6  1/2-1/2